000 02056nam0a2200325 4500
001 RU\NLR\bibl\1057084
005 20250615035736.0
010 _a5-88186-638-Х
_9300
021 _aRU
_b2007-3420
_9168
035 _a(NLR Aleph) 001044371
090 _a838774
_c838774
100 _a20070312d2006 |||y0rusy50 ca
101 0 _arus
_deng
102 _aRU
105 _aa |||||||||
200 1 _aЭкологические работы на месторождениях нефти Тимано-Печорской провинции. Состояние и перспективы
_eматериалы четвертой научно-практической конференции, Усинск, 11-15 сентября 2006 г.
210 _aСыктывкар
_c[б.и.]
_d2006
215 _a286 с.
_cил., цв. ил., портр.
_d29
300 _aВ надзаг.: Правительство Респ. Коми, М-во природ. ресурсов и охраны окружающей среды Респ. Коми, М-во пром-ти и энергетики Респ. Коми, Ком. по делам ГО и ЧС Респ. Коми, Упр. федер. службы по надзору в сфере природопользования по Респ. Коми [и др.]
300 _aРез. на англ. яз.
320 _aБиблиогр. в конце докл.
606 1 _aОкружающая среда
_jСъезды, совещания и т.п.
_xЗагрязнение отходами нефтегазодобывающей промышленности
_91778836
_3RU\NLR\auth\66799440
606 1 _aНефть
_jСъезды, совещания и т.п.
_xДобыча
_xЭкологическая безопасность
_yТимано-Печорская область
_92289905
_3RU\NLR\auth\661371469
686 _aИ361-642я431
801 0 _aRU
_bNLR
_c20070312
_gRCR
801 1 _aRU
_bNLR
_c20070312
942 _cBOOK
980 _aNB